LDR 00507naa#a2200169#i#450# 001 EN\INFRA-M\bibl\14041 005 20260415145659.3 011 ## _a2587-9103 100 ## _a20161217b2016####ek#y0engy0150####ca 101 0# _aRUS 102 ## _aRU 200 1# _aEffective Ways of Abstract Writing in the Process of Teaching German at the University _eJournal article 210 1# _aMoscow _cINFRA-M Academic Publishing LLC. _d2016 215 ## _a5 с. 608 ## _aJournal article _2local 700 #1 _aShmal _gMeri 856 4# _anaukaru.ru _u